| 000 | 00437nam a22001817a 4500 | ||
|---|---|---|---|
| 999 |
_c11106 _d11106 |
||
| 003 | OSt | ||
| 008 | 220323b ||||| |||| 00| 0 eng d | ||
| 020 | _a9788120353343 | ||
| 082 | _a005.131 ROF | ||
| 100 | _aROSS,Timothy J | ||
| 245 | _aFuzzy Sets and Fuzzy Logic With Engineering Applications | ||
| 250 | _a4th Ed | ||
| 260 |
_aNew Delhi _bWiley _c2021 |
||
| 300 | _a712 | ||
| 650 | _aECE | ||
| 700 | _aDEEPA,SN | ||
| 942 |
_2ddc _cBK |
||